000 00935nam a2200253 a 4500
008 120416s1995 ||||||||||||||||| || u
020 _a0787901105
050 _aHD 57.7 Kou
100 _aPosner, Barry Z
245 1 4 _aThe Leadership challenge
246 _ahow to keep getting extraordinary things done in organizations
250 _a2nd ed.
260 _aSan Francisco, Calif.
_bJossey-Bass
_c1995
300 _axxv, 405 p. : ill.
350 _a0.00
490 _aThe Jossey-Bass management series
500 _aIncludes bibliographical references (p. 353-377) and index.
650 0 _aMANAGEMENT
650 0 _aLEADERSHIP
650 _aEXECUTIVE ABILITY
700 _aKouzes, James M., 1945-
856 _uhttp://www.loc.gov/catdir/toc/onix07/95011314.html
995 _D0.00
_FCBU-MAIN LIBRARY (Kitwe)
_H1
_I0.00
_M1
_UAVAILABLE
_ZMain Library Open Access Collection
999 _c48983
_d48983